000 00604nam a2200205Ia 4500
005 20250326144857.0
008 250326s9999 xx 000 0 und d
020 _a0-619-03528-5
037 _aTextbook
040 _aFMSL
_beng
_cFMSL
041 _aeng
_2eng
084 _aX:8obD658(2:55) P2
_qFMSL
100 _aSchwalbe K
_9750256
245 0 _aInformation technology project management
_cSchwalbe K
250 _a2
260 _aUnited Kingdom
_bUnited Kingdom, Thomson learning
_c2002
300 _axxii,561
942 _cTB
_hX:8obD658(2:55) P2
999 _c1305430
_d1305430